University Home | Library Home | Institutional Repository

MILITARY LAW REVIEW. (Record no. 9803)

MARC details
000 -LEADER
fixed length control field 00530cam a2200157 4500
008 - FIXED-LENGTH DATA ELEMENTS--GENERAL INFORMATION
fixed length control field 150902n 000 0 eng u
022 ## - INTERNATIONAL STANDARD SERIAL NUMBER
International Standard Serial Number 0026-4040
035 ## - SYSTEM CONTROL NUMBER
System control number (Sirsi) a191985
050 ## - LIBRARY OF CONGRESS CALL NUMBER
Classification number K1.M5L3
245 ## - TITLE STATEMENT
Title MILITARY LAW REVIEW.
260 ## - PUBLICATION, DISTRIBUTION, ETC.
Place of publication, distribution, etc. Charlottesville
Name of publisher, distributor, etc. Army Judge Advocate General
Date of publication, distribution, etc. 1980.
310 ## - CURRENT PUBLICATION FREQUENCY
Current publication frequency Irregular.
362 ## - DATES OF PUBLICATION AND/OR SEQUENTIAL DESIGNATION
Dates of publication and/or sequential designation Vol.63-66, No. 27, 1974 - Vol.87-90, No.27, 1980.
520 ## - SUMMARY, ETC.
Summary, etc. Provides a forum for persons interested in military law to share there exeperiences and research.
650 ## - SUBJECT ADDED ENTRY--TOPICAL TERM
Topical term or geographic name entry element Military.
Holdings
Withdrawn status Lost status Source of classification or shelving scheme Damaged status Not for loan Home library Current library Shelving location Total Checkouts Full call number Barcode Date last seen Copy number Price effective from Koha item type
    Library of Congress Classification     Main Library Main Library Serials   K1.M5L3 404087-90271980 08/12/2019 1 08/12/2019 Periodical
    Library of Congress Classification     Main Library Main Library Serials   K1.M5L3 404063-66271974 08/12/2019 2 08/12/2019 Periodical
© 2026 - The University of Zambia Library - Koha v25.11